00266nam a2200073 4500100002700000245012900027260002900156300000700185 aIllangakoon, S. A.I.M. aPCR detection of pork contamination in Chicken ham & Spectrometric method to analysis of Nitrite concentraion in Chicken ham aRajagiriyabIchemcc2018 a27